[Event "Aaronson"]
[Site "London"]
[Date "1978.??.??"]
[Round "5"]
[White "Botterill, George Steven"]
[Black "Sowray, Peter J"]
[Result "1-0"]
[WhiteElo "2400"]
[BlackElo "2205"]

1.Nf3 Nf6 2.g3 b6 3.Bg2 Bb7 4.O-O c5 5.c4 g6 6.Nc3 Bg7 7.d4 Ne4 8.Qd3 Nxc3
9.bxc3 d6 10.e4 Nc6 11.Be3 Qd7 12.Nd2 e5 13.Nb3 cxd4 14.cxd4 exd4 15.Nxd4 Ne5
16.Qb3 Rc8 17.Rfc1 Ba6 18.Bf1 O-O 19.Rab1 Rfe8 20.f3 Rc5 21.Kg2 Bb7 22.Be2 Ng4
23.Bg1 Nxh2 24.Nb5 Rh5 25.g4 Nxg4 26.fxg4 Bxe4+ 27.Kf1 Rhe5 28.Bf3 Bxb1 29.Rxb1 Qe7
30.Bf2 Bh6 31.Qd3 Be3 32.Bg3 Qf6 33.Kg2 Bf4 34.Bf2 R5e7 35.Nc3 Qg5 36.Nd5 Re5
37.Rh1 Rxd5 38.Qxd5 Qxd5 39.Bxd5 Kg7 40.Bxf7 Re2 41.Kf3 Rxa2 42.Bd5 Be5 43.Be3  1-0

[Event "Lone Pine op"]
[Site "Lone Pine"]
[Date "1978.??.??"]
[Round "1"]
[White "Loftsson, Julius H"]
[Black "Stean, Michael"]
[Result "1/2-1/2"]
[WhiteElo "2335"]
[BlackElo "2510"]

1.Nf3 Nf6 2.c4 b6 3.g3 Bb7 4.Bg2 c5 5.O-O g6 6.Nc3 Bg7 7.d4 Ne4 8.Nxe4 Bxe4
9.d5 O-O 10.Bh3 Bxf3 11.exf3 e6 12.Rb1 Na6 13.Bf4 exd5 14.Qxd5 Nb4 15.Qb7 f5
16.Bd6 Qc8 17.Qxc8 Rfxc8 18.f4 Bf8 19.Rfd1 Bxd6 20.Rxd6 Rc7 21.Re1 Nxa2 22.Bg2 Rf8
23.Bd5+ Kh8 24.Re7 Nb4 25.Rdxd7 Rxd7 26.Rxd7 Nxd5 27.Rxd5 Kg7 28.Kg2 Kf6
29.h3 Re8 30.Kf3 Re4 31.b3 Ke6 32.Rd8 Rd4 33.Re8+ Kf6 34.Ke3 Rd7 35.Ra8 Ke6
36.g4 Kd6 37.Rf8 Ke6 38.Ra8 Re7 39.Kf3 Rb7 40.Kg3 Rd7 41.Re8+ Kf7 42.Re3 Rd2
43.f3 Rd4 44.h4 h5 45.Rc3 Rd2 46.Re3 Rd1 47.gxf5 gxf5 48.Re5 Kf6 49.Re8 Rg1+
50.Kf2 Rb1 51.Rf8+ Kg6 52.Rg8+ Kf6 53.Rf8+ Kg6 54.Rg8+ Kf6  1/2-1/2

[Event "CSR-ch"]
[Site "Marianske Lazne"]
[Date "1978.??.??"]
[Round "3"]
[White "Neckar, Lubomir"]
[Black "Novak, Ivan"]
[Result "1-0"]
[WhiteElo "2340"]
[BlackElo "2355"]

1.Nf3 Nf6 2.c4 c5 3.g3 b6 4.Bg2 Bb7 5.O-O g6 6.Nc3 Bg7 7.d4 cxd4 8.Nxd4 Bxg2
9.Kxg2 O-O 10.e4 Nc6 11.Be3 Ng4 12.Qxg4 Nxd4 13.Rac1 Rc8 14.b3 f5 15.Qd1 Ne6
16.exf5 gxf5 17.Nd5 Be5 18.Re1 Bd6 19.Bh6 Rf7 20.Qh5 a6 21.b4 Rc6 22.a3 Nc7
23.Qg5+ Kh8 24.Qd2 Nxd5 25.cxd5 Rc7 26.Qd4+ Kg8 27.Qxb6 f4 28.Bxf4  1-0

[Event "CSR-ch"]
[Site "Marianske Lazne"]
[Date "1978.??.??"]
[Round "12"]
[White "Meduna, Eduard"]
[Black "Smejkal, Jan"]
[Result "1-0"]
[WhiteElo "2425"]
[BlackElo "2555"]

1.Nf3 Nf6 2.g3 b6 3.Bg2 Bb7 4.O-O g6 5.c4 c5 6.Nc3 Bg7 7.d3 O-O 8.e4 d6 9.Nh4 Nc6
10.f4 Nd7 11.h3 e6 12.Be3 Nd4 13.Nf3 a6 14.Qd2 Bc6 15.Rac1 b5 16.Qf2 Qb6
17.b3 b4 18.Bxd4 cxd4 19.Ne2 Nc5 20.Rcd1 Bxe4 21.Nc1 Bxf3 22.Bxf3 Ra7 23.h4 f5
24.h5 Qd8 25.hxg6 hxg6 26.Kg2 g5 27.fxg5 Qxg5 28.Rh1 Be5 29.Ne2 Rg7 30.Rh3 Ne4
31.Bxe4 fxe4 32.Rh8+ Kxh8 33.Qxf8+ Kh7 34.Rh1+ Kg6 35.Qe8+ Rf7 36.Qxe6+ Kg7
37.Rh4 Rf2+ 38.Kg1 Rf6 39.Qe7+ Kg8 40.Qd8+ Kf7 41.Qd7+ Kg8  1-0

[Event "Vilnius"]
[Site "Vilnius"]
[Date "1978.??.??"]
[Round "1"]
[White "Lechtynsky, Jiri"]
[Black "Lebredo, Gerardo"]
[Result "1/2-1/2"]
[WhiteElo "2420"]
[BlackElo "2385"]

1.Nf3 c5 2.g3 b6 3.Bg2 Bb7 4.O-O Nf6 5.c4 g6 6.b3 Bg7 7.Bb2 O-O 8.Nc3 Na6
9.a3 d6 10.e3 Ne4 11.Qc2 Nxc3 12.Bxc3 e5 13.Rfd1 Nc7 14.b4 Qf6 15.Ne1 Bxg2
16.Kxg2 Qe6 17.bxc5 dxc5 18.Bb2 Qc6+ 19.f3 Rad8 20.Qe4 Qa4 21.Qc2 Qxc2 22.Nxc2 Rd7
23.Kf2 Rfd8 24.Ke2 Ne6 25.Rab1 e4 26.fxe4 Bxb2 27.Rxb2 Ng5 28.d3 Nxe4 29.Rb3 Nd6
30.Rc3 Nf5 31.a4 Re8 32.Kf2 Nd6  1/2-1/2

[Event "Schacknytts Jubileumsturnering"]
[Site "Malmo"]
[Date "1979.11.27"]
[Round "2"]
[White "Seirawan, Yasser"]
[Black "Ornstein, Axel"]
[Result "1/2-1/2"]
[WhiteElo "2485"]
[BlackElo "2445"]

1.c4 b6 2.Nf3 Nf6 3.g3 Bb7 4.Bg2 c5 5.O-O g6 6.d4 Bg7 7.d5 b5 8.Nfd2 bxc4
9.Nxc4 d6 10.Bd2 Nbd7 11.Bc3 O-O 12.Na5 Qc7 13.Nxb7 Qxb7 14.Na3 Nb6 15.e4 Nfd7
16.Bxg7 Kxg7 17.Re1 Rab8 18.Bf1 Nc8 19.b3 a6 20.Qe2 Kg8 21.Qxa6 Qxa6 22.Bxa6 Ra8
23.Bxc8 Ne5 24.Re3 Rxa3 25.Bb7 Rb8 26.Bc6 Nxc6 27.dxc6 Rc8 28.b4 Rxe3 29.fxe3 cxb4
30.Rc1 Kf8 31.Kf2 Ke8 32.Kf3 Kd8 33.Rc4 Kc7 34.Rxb4 Kxc6 35.Rc4+ Kd7 36.Rxc8 Kxc8
37.Ke2 Kc7 38.Kd3 Kc6 39.Kc4 f5 40.exf5 gxf5 41.a4 e5 42.a5  1/2-1/2

[Event "IBM"]
[Site "Amsterdam"]
[Date "1979.??.??"]
[Round "13"]
[White "Farago, Ivan"]
[Black "Ree, Hans"]
[Result "1/2-1/2"]
[WhiteElo "2510"]
[BlackElo "2480"]

1.Nf3 Nf6 2.c4 b6 3.g3 Bb7 4.Bg2 c5 5.O-O g6 6.b3 Bg7 7.Bb2 O-O 8.Ne1 Bxg2
9.Nxg2 Nc6 10.Nc3 d5 11.Nxd5 Nxd5 12.Bxg7 Kxg7 13.cxd5 Qxd5  1/2-1/2

[Event "HUN-ch"]
[Site "Budapest"]
[Date "1979.??.??"]
[Round "15"]
[White "Lukacs, Peter"]
[Black "Pinter, Jozsef"]
[Result "1/2-1/2"]
[WhiteElo "2420"]
[BlackElo "2445"]

1.Nf3 Nf6 2.c4 c5 3.g3 b6 4.Bg2 Bb7 5.O-O g6 6.b3 Bg7 7.Bb2 O-O 8.Nc3 d6
9.d4 cxd4 10.Nxd4 Bxg2 11.Kxg2 d5 12.cxd5 Nxd5 13.Ndb5 Nxc3 14.Bxc3 Bxc3
15.Nxc3 Nc6  1/2-1/2

[Event "Copenhagen AS04"]
[Site "Copenhagen"]
[Date "1979.??.??"]
[Round "4"]
[White "Mikhalchishin, Adrian"]
[Black "Schussler, Harry"]
[Result "1/2-1/2"]
[WhiteElo "2480"]
[BlackElo "2460"]

1.Nf3 b6 2.g3 Bb7 3.Bg2 c5 4.O-O Nf6 5.c4 g6 6.b3 Bg7 7.Bb2 O-O 8.Nc3 d5
9.Nxd5 Nxd5 10.Bxg7 Kxg7 11.cxd5 Qxd5 12.d4 cxd4 13.Qxd4+ Qxd4 14.Nxd4 Bxg2
15.Kxg2 Rc8 16.Rac1 Na6 17.Rfd1 Nb4 18.a3 Na2 19.Rxc8 Rxc8 20.Rd2 Nc1 21.b4  1/2-1/2

[Event "Lodz"]
[Site "Lodz"]
[Date "1979.??.??"]
[Round "2"]
[White "Kirov, Nino"]
[Black "Schinzel, Wladyslaw"]
[Result "0-1"]
[WhiteElo "2420"]
[BlackElo "2400"]

1.Nf3 Nf6 2.g3 b6 3.Bg2 Bb7 4.O-O c5 5.c4 g6 6.b3 Bg7 7.Bb2 O-O 8.Nc3 Ne4
9.d4 Nxc3 10.Bxc3 Nc6 11.e3 cxd4 12.exd4 d5 13.Ne5 Nxe5 14.dxe5 Qc7 15.Bxd5 Rfd8
16.Qf3 Bxd5 17.cxd5 Rac8 18.Rac1 Bxe5 19.Bb2 Qd6 20.Bxe5 Qxe5 21.Rce1 Qd6
22.Re2 Rc5 23.Rfe1 Rd7 24.Re5 Kf8 25.Qe3 Rxd5 26.Qh6+ Kg8 27.Rxd5 Qxd5 28.Rc1 Rd8
29.Rc7 Qf3 30.Rc1 Qe2 31.a4 Rd1+ 32.Kg2 Qf1+  0-1

[Event "Lodz"]
[Site "Lodz"]
[Date "1979.??.??"]
[Round "8"]
[White "Swic, Waldemar"]
[Black "Balinas, Rosendo Carrean"]
[Result "1/2-1/2"]
[WhiteElo "2365"]
[BlackElo "2365"]

1.Nf3 Nf6 2.g3 b6 3.Bg2 Bb7 4.O-O c5 5.c4 g6 6.b3 Bg7 7.Bb2 O-O 8.Nc3 Ne4
9.Qc2 Nxc3 10.Bxc3 Bxc3 11.Qxc3 Bxf3 12.Bxf3 Nc6  1/2-1/2

[Event "Munich"]
[Site "Munich"]
[Date "1979.??.??"]
[Round "?"]
[White "Andersson, Ulf"]
[Black "Robatsch, Karl"]
[Result "1-0"]
[WhiteElo "2560"]
[BlackElo "2435"]

1.Nf3 Nf6 2.c4 c5 3.g3 b6 4.Bg2 Bb7 5.O-O g6 6.b3 Bg7 7.Bb2 O-O 8.Nc3 d5
9.Nxd5 Nxd5 10.Bxg7 Kxg7 11.cxd5 Qxd5 12.d4 cxd4 13.Qxd4+ Qxd4 14.Nxd4 Bxg2
15.Kxg2 a6 16.Rac1 Ra7 17.Rc2 Rd8 18.e3 e5 19.Nf3 f6 20.g4 Rd6 21.Rfc1 Nd7
22.Rc6 Rxc6 23.Rxc6 Kf7 24.Nd2 Ke7 25.Ne4 Rb7 26.b4 Rb8 27.Nc3 f5 28.Nd5+ Kf7
29.Kg3 h5 30.gxf5 gxf5 31.Rd6 Rb7 32.Kh4 Kg7 33.Kxh5  1-0

[Event "URS Spartakiad"]
[Site "URS"]
[Date "1979.??.??"]
[Round "?"]
[White "Petrosian, Arshak B"]
[Black "Magerramov, Elmar"]
[Result "0-1"]
[WhiteElo "2430"]
[BlackElo "2435"]

1.Nf3 Nf6 2.c4 c5 3.g3 b6 4.Bg2 Bb7 5.O-O g6 6.Nc3 Bg7 7.d4 Ne4 8.Nxe4 Bxe4
9.Be3 Nc6 10.d5 Na5 11.Qc1 O-O 12.Nd2 Bxg2 13.Kxg2 e6 14.Qc2 exd5 15.cxd5 Qf6
16.Rab1 Rfe8 17.Rfd1 Rac8 18.b3 d6 19.a4 Nb7 20.Nc4 Qd8 21.Qd3 f5 22.h4 Qe7
23.Re1 Na5 24.Nd2 Qb7 25.Bf4 Be5 26.Bg5 Rf8 27.h5 Rce8 28.hxg6 hxg6 29.Nf3 Bg7
30.Bf4 Re4 31.e3 Bf6 32.Red1 Qe7 33.Nd2 Rb4 34.g4 Bg5 35.Nf3 Bxf4 36.exf4 Rxf4
37.Rh1 Rxg4+ 38.Kf1 Qe4 39.Qc3 Qxb1+ 40.Ne1 Rd4 41.Qh3 Kf7 42.Qh7+ Kf6 43.Qd7 Re4
44.Qxd6+ Kg7 45.Qc7+ Rf7 46.Rh7+ Kxh7 47.Qxf7+ Kh6 48.Qf8+ Kg5 49.Qd8+ Kf4
50.Qh4+ Ke5 51.Qh8+ Kxd5 52.Qd8+ Ke6 53.Qe8+ Kf6 54.Qf8+ Kg5 55.Qd8+ Kh5
56.Qh8+ Kg4 57.f3+ Kg3 58.fxe4 Qxe4 59.Qc3+ Kg4 60.Nd3 Qh1+ 61.Ke2 Qf3+ 62.Ke1 Qe3+
63.Kf1 Kg5 64.Qc2 Qf3+ 65.Kg1 Nc6  0-1

[Event "Bugojno"]
[Site "Bugojno"]
[Date "1980.??.??"]
[Round "4"]
[White "Ivkov, Borislav"]
[Black "Kavalek, Lubomir"]
[Result "1/2-1/2"]
[WhiteElo "2530"]
[BlackElo "2600"]

1.Nf3 Nf6 2.c4 b6 3.g3 Bb7 4.Bg2 c5 5.O-O g6 6.b3 Bg7 7.Bb2 O-O 8.Nc3 e6
9.Rc1 d6 10.d4 Qe7 11.e3 Ne4 12.Qe2 Nd7 13.Rfd1 f5  1/2-1/2

[Event "Gausdal Int"]
[Site "Gausdal"]
[Date "1980.??.??"]
[Round "?"]
[White "Strauss, David J"]
[Black "Miles, Anthony J"]
[Result "0-1"]
[WhiteElo "2335"]
[BlackElo "2545"]

1.Nf3 Nf6 2.c4 b6 3.g3 c5 4.Bg2 Bb7 5.O-O g6 6.e3 Bg7 7.d4 O-O 8.Nc3 Ne4
9.Nxe4 Bxe4 10.b3 d6 11.Bb2 e6 12.Qe2 Nc6 13.Rfd1 Qe7 14.Rac1 Rad8 15.Ne1 Bxg2
16.Nxg2 cxd4 17.exd4 Nb4 18.a3 Na6 19.b4 Qb7 20.Ne3 Rc8 21.b5 Nb8 22.a4 Rfd8
23.Ba3 Bf8 24.Qg4 Nd7 25.Qh3 Nf6 26.d5 e5 27.Rf1 Re8 28.Rfe1 Nd7 29.Ra1 f5
30.Qf1 Qc7 31.Rac1 Bg7 32.f3 e4 33.f4 Nc5 34.Bxc5 Qxc5 35.Qe2 Qb4 36.Rc2 Rc7
37.Rec1 Bd4 38.Kh1 Rec8 39.c5 Bxe3 40.Rc4 Rxc5  0-1

[Event "Phillips&Drew"]
[Site "London"]
[Date "1980.??.??"]
[Round "5"]
[White "Andersson, Ulf"]
[Black "Timman, Jan H"]
[Result "1/2-1/2"]
[WhiteElo "2590"]
[BlackElo "2600"]

1.Nf3 Nf6 2.c4 c5 3.g3 b6 4.Bg2 Bb7 5.O-O g6 6.b3 Bg7 7.Bb2 O-O 8.d4 cxd4
9.Qxd4 Nc6 10.Qd2 d5 11.cxd5 Qxd5 12.Qxd5 Nxd5 13.Bxg7 Kxg7 14.Rd1 Rfd8 15.Ne1 Na5
16.Bxd5 Bxd5 17.Nc3 Bb7 18.f3 Rac8 19.Rxd8 Rxd8 20.Kf2 Nc6  1/2-1/2

[Event "ARG-ch"]
[Site "Quilmes"]
[Date "1980.??.??"]
[Round "3"]
[White "Garcia, Raimundo"]
[Black "Panno, Oscar"]
[Result "1/2-1/2"]
[WhiteElo "2430"]
[BlackElo "2540"]

1.Nf3 Nf6 2.c4 b6 3.g3 Bb7 4.Bg2 c5 5.O-O g6 6.b3 Bg7 7.Bb2 O-O 8.Nc3 Na6
9.Rc1 e6 10.Qc2 Qe7 11.Rfd1 Nb4 12.Qb1 d5 13.cxd5 exd5 14.d4 Bh6 15.e3 Rac8
16.a3 Na6 17.Re1 Nc7 18.dxc5 bxc5 19.b4 Ne6 20.bxc5 Nxc5 21.Nd4 Nfe4 22.Rcd1 Rfd8
23.Ba1 Bg7 24.Nde2 Rd6 25.Nb5 Rb6 26.Bxg7 Kxg7 27.Qa1+ Kg8 28.Nbd4 Nb3 29.Qa2 Na5
30.Rc1 Nc4 31.Rb1 Nxa3 32.Rxb6 axb6 33.Nf4 Nc4 34.Qb3 Ra8 35.Bxe4 Qxe4 36.Qd3 Qe7
37.Nf3 Qc5 38.Qd4 Ra2 39.Rd1 Qxd4 40.Nxd4 Ra5 41.Rb1 Kg7 42.h3 Kf6 43.Nd3 Ke7
44.Nb4 Kd6 45.g4 Bc8 46.Kh2 Bd7 47.Rd1 Ba4 48.Rc1 Rc5 49.Nd3 Rc7 50.Kg3 f6
51.Nb4 Re7 52.Ra1 b5 53.Rc1 Re8 54.Rc3 Rc8 55.Rc1 Nb6 56.Rxc8 Nxc8 57.Nd3 Nb6
58.Kf3 Nc4 59.Ke2 Ne5 60.Nb2 Nc6 61.h4 Nxd4+ 62.exd4 Bc2 63.f3 b4 64.Kd2 Bb1
65.Kc1 Ba2 66.Nd3 Bc4 67.Nxb4 Be2 68.Kd2 Bxf3 69.g5 Ke6 70.Ke3 Bh1 71.Kf4 Kf7
72.Nc6 Kg7 73.gxf6+ Kxf6 74.Ne5  1/2-1/2

[Event "ARG-ch"]
[Site "Quilmes"]
[Date "1980.??.??"]
[Round "10"]
[White "Garcia, Raimundo"]
[Black "Giardelli, Sergio C"]
[Result "0-1"]
[WhiteElo "2430"]
[BlackElo "2300"]

1.Nf3 c5 2.g3 b6 3.Bg2 Bb7 4.O-O Nf6 5.c4 g6 6.b3 Bg7 7.Bb2 O-O 8.Nc3 Na6
9.d4 e6 10.d5 exd5 11.Nxd5 Bxd5 12.cxd5 d6 13.e4 Re8 14.Nh4 b5 15.Re1 Qa5
16.a3 Rac8 17.f4 Qc7 18.e5 Nd7 19.Bh3 c4 20.bxc4 bxc4 21.Bd4 dxe5 22.fxe5 Rcd8
23.e6 Ne5 24.exf7+ Nxf7 25.Rxe8+ Rxe8 26.Be6 Nc5 27.Bxg7 Kxg7 28.Bxf7 Qxf7
29.Qd4+ Qf6 30.Qxf6+ Kxf6 31.Rc1 Re4 32.Nf3 Nb3 33.Rc2 Nd4 34.Nxd4 Rxd4 35.Kf2 Ke5
36.d6 Kxd6 37.Ke3 Rd3+ 38.Ke4 Kc5 39.Rb2 Rxa3 40.Rb7 Ra6 41.Rxh7 Re6+  0-1

[Event "Baden"]
[Site "Vienna"]
[Date "1980.??.??"]
[Round "14"]
[White "Stean, Michael"]
[Black "Miles, Anthony J"]
[Result "0-1"]
[WhiteElo "2530"]
[BlackElo "2545"]

1.Nf3 Nf6 2.c4 b6 3.g3 c5 4.Bg2 Bb7 5.O-O g6 6.Nc3 Bg7 7.d4 cxd4 8.Nxd4 Bxg2
9.Kxg2 Nc6 10.b3 O-O 11.Bb2 Qc8 12.e4 Qb7 13.f3 a6 14.Qd2 Rfd8 15.Rad1 Nxd4
16.Qxd4 b5 17.c5 d6 18.Nd5 Rd7 19.cxd6 Ne8 20.Qd2 Rxd6 21.Bxg7 Kxg7 22.Qd4+ Kg8
23.e5 Rc6 24.Qe4 Kf8 25.Rc1 Rxc1 26.Rxc1 Rd8 27.Rc5 e6 28.Nf6 Qe7 29.Rc6 Nxf6
30.exf6 Qxf6 31.Rxa6 Rd2+ 32.Kh3 Qb2 33.Qf4 Rxh2+ 34.Kg4 f5+  0-1

[Event "Baden-Baden"]
[Site "Baden-Baden"]
[Date "1981.??.??"]
[Round "?"]
[White "Stajcic, Nikola"]
[Black "Miles, Anthony J"]
[Result "0-1"]
[WhiteElo "2215"]
[BlackElo "2565"]

1.c4 b6 2.Nf3 Nf6 3.g3 c5 4.Bg2 Bb7 5.O-O g6 6.b3 Bg7 7.Bb2 O-O 8.d3 Nc6
9.Nbd2 d5 10.cxd5 Nxd5 11.Bxg7 Kxg7 12.Rc1 e5 13.Re1 f6 14.Qc2 Rc8 15.Qb2 Re8
16.a3 Rc7 17.Ne4 a5 18.Nc3 Nxc3 19.Qxc3 Nd4 20.Nxd4 exd4 21.Qc4 Bxg2 22.Kxg2 Qd7
23.b4 axb4 24.axb4 b5 25.Qb3 Qc6+ 26.Kg1 c4 27.dxc4 bxc4 28.Qb2 c3 29.Qc2 Qc4
30.Rb1 Rce7 31.Kf1 Rxe2 32.Rxe2 d3 33.Qb3 dxe2+  0-1

[Event "Caorle op"]
[Site "Caorle"]
[Date "1981.??.??"]
[Round "5"]
[White "Blees, Albert"]
[Black "Polajzer, Danilo"]
[Result "1-0"]
[WhiteElo "2200"]
[BlackElo "2315"]

1.Nf3 Nf6 2.g3 b6 3.Bg2 Bb7 4.O-O c5 5.c4 g6 6.Nc3 Bg7 7.a3 O-O 8.Qc2 Na6
9.d3 Rc8 10.Nb5 Ra8 11.Rb1 Nc7 12.Nxc7 Qxc7 13.b4 d6 14.b5 a6 15.a4 a5 16.Bb2 Rae8
17.Rbe1 e5 18.Nd2 d5 19.e4 dxe4 20.dxe4 Rd8 21.Nb1 Qd6 22.Rd1 Qe6 23.Qe2 Rd4
24.Bxd4 exd4 25.Nd2 Ng4 26.Bh3 f5 27.Rde1 Bh6 28.exf5 Qxe2 29.Rxe2 gxf5 30.Re7 Rf7
31.Rxf7 Kxf7 32.f4 Ne3 33.Rc1 Bg7 34.Nf1 Bf3 35.Kf2 Bg4 36.Bxg4 Nxg4+ 37.Kf3 h6
38.Re1 Bf8 39.h3 Nf6 40.Re5 Kg6 41.Re6  1-0

[Event "Gausdal Int"]
[Site "Gausdal"]
[Date "1981.??.??"]
[Round "6"]
[White "Helmers, Knut J"]
[Black "Ostenstad, Berge"]
[Result "1/2-1/2"]
[WhiteElo "2415"]
[BlackElo "2200"]

1.Nf3 Nf6 2.c4 c5 3.g3 b6 4.Bg2 Bb7 5.O-O g6 6.Nc3 Bg7 7.d4 cxd4 8.Nxd4 Bxg2
9.Kxg2 Nc6 10.Nc2 O-O 11.b3 Qc8 12.Rb1 Qb7 13.Kg1 Rfd8 14.Bb2 e6 15.Qd6 Bf8
16.Qf4 Bg7 17.Rfd1 Ne7 18.Nb5 Nf5 19.Bxf6 Bxf6 20.e4 g5 21.Qf3 a6 22.Nd6 Nxd6
23.Rxd6 Be5 24.Rd3 b5 25.Rbd1 bxc4 26.bxc4 Qc6 27.Ne3 Bg7 28.Ng4 Qxc4 29.Rxd7 Rxd7
30.Rxd7 Rf8 31.Nf6+ Bxf6 32.Qxf6 Qxa2 33.Qxg5+ Kh8 34.Qe5+ Kg8 35.Qg5+ Kh8
36.Qf6+ Kg8 37.Kg2 Qe2 38.Qg5+ Kh8 39.Qe5+ Kg8 40.Ra7 Qd3 41.h4 Qb5 42.Qxb5 axb5
43.Rb7 Kg7 44.Rxb5 Ra8 45.Kf3 h6 46.Kf4 Ra2 47.f3 Rc2 48.g4 Rh2 49.h5 Rh3
50.e5 Rh1 51.Kg3 Ra1 52.Rc5 Rb1 53.Rc3 Ra1 54.Kf2 Rb1 55.f4 Rh1 56.Kg2 Rh4
57.Kg3 Rh1 58.Rc4 Rg1+ 59.Kf3 Rh1 60.Rb4 Rh3+ 61.Kg2 Rh4 62.Kg3 Rh1 63.Rb7 Kg8
64.Rb8+ Kg7 65.Rb7 Kg8 66.Ra7 Rg1+ 67.Kf3 Rh1 68.Rc7 Rf1+ 69.Ke3 Rh1 70.Rd7 Re1+
71.Kf2 Rh1 72.Rd8+ Kg7 73.Rd3 Rh4 74.Rg3 Kf8 75.Rg1 Rh2+ 76.Kg3 Re2 77.Rh1 Kg7
78.Kf3 Ra2 79.Re1 Ra3+ 80.Re3 Ra1 81.f5 exf5 82.gxf5 Rh1 83.Kg4 Rg1+ 84.Rg3 Re1
85.Kf4+ Kf8 86.Ra3 Rf1+ 87.Ke4 Re1+ 88.Kd4 Rd1+ 89.Rd3 Rh1 90.f6 Ke8 91.Ra3 Rd1+
92.Ke4 Re1+ 93.Kf4 Rf1+ 94.Ke4 Re1+ 95.Kd5 Rd1+ 96.Kc4 Rc1+ 97.Rc3 Re1 98.Kd5 Rd1+
99.Kc6 Re1 100.Rc5 Kd8 101.Rd5+ Ke8 102.Ra5 Rc1+ 103.Rc5 Re1 104.Kc7 Ra1
105.Rd5 Rc1+ 106.Kd6 Re1 107.Rd3 Kd8 108.Kc5+ Ke8 109.Kd4 Kd7 110.Kd5 Ke8
111.Rd2 Kd7 112.Rd4 Ke8 113.Ra4 Rd1+ 114.Ke4 Re1+ 115.Kf4 Rf1+ 116.Kg3 Re1
117.Ra5 Kd7 118.Ra7+ Ke6 119.Re7+ Kf5 120.Rxf7 Rxe5 121.Rf8 Ke6 122.Kg4 Rg5+
123.Kh4 Rf5 124.Kg4 Rxf6  1/2-1/2

[Event "Bundesliga 8081"]
[Site "Germany"]
[Date "1981.??.??"]
[Round "?"]
[White "Feustel, Bernd"]
[Black "Meinberger, Leo"]
[Result "1/2-1/2"]
[WhiteElo "2305"]
[BlackElo "2215"]

1.Nf3 c5 2.c4 Nf6 3.g3 b6 4.Bg2 Bb7 5.O-O g6 6.b3 Bg7 7.Bb2 d5 8.cxd5 O-O
9.d4 Nxd5 10.Qd2 Nc7 11.Rd1 cxd4 12.Bxd4 Bxd4 13.Qxd4 Qxd4 14.Nxd4  1/2-1/2

[Event "Hastings8182"]
[Site "Hastings"]
[Date "1981.??.??"]
[Round "8"]
[White "Andersson, Ulf"]
[Black "Littlewood, Paul E"]
[Result "1/2-1/2"]
[WhiteElo "2600"]
[BlackElo "2435"]

1.c4 c5 2.Nf3 Nf6 3.g3 b6 4.Bg2 Bb7 5.O-O g6 6.b3 Bg7 7.Bb2 O-O 8.Nc3 Na6
9.d4 d5 10.Ne5 e6 11.dxc5 Nxc5 12.cxd5 exd5 13.Rc1 d4 14.Nb1 Bxg2 15.Kxg2 Qd5+
16.Nf3 d3 17.Nc3 Qd7 18.Ba3 Rfe8 19.Re1 Bh6 20.e3 d2 21.Qxd2 Qxd2 22.Nxd2 Nd3
23.Nc4 Nxe1+ 24.Rxe1 Bf8 25.Bxf8 Kxf8 26.Nb5 Red8 27.Nd4 Rac8 28.a4 Ne4 29.a5 bxa5
30.Ra1 Nc5 31.Nxa5 Ne6 32.Nac6 Rd7 33.Nxe6+ fxe6 34.Rxa7 Rxa7 35.Nxa7 Rb8
36.Nc6 Rxb3 37.Nd4 Rb6 38.Nf3 Ke7 39.Ng5 h6 40.Ne4 Rb4 41.Kf3 Ra4 42.h3 Rb4
43.Nc5 e5 44.Ne4 Ke6 45.Nc3 Rc4 46.Ne4 Rc2 47.Kg2 Rc6 48.h4 Rc4 49.Nd2 Rb4
50.Nf3 Rb2 51.Nh2 Kf5 52.Kf3 Ra2 53.Kg2 Ke4 54.Ng4 h5 55.Nf6+ Kf5 56.Nh7 Ke4
57.Ng5+ Kd3 58.Nf3 Ra5 59.Ng5 Ke2  1/2-1/2

[Event "Hradec Kralove"]
[Site "Hradec Kralove"]
[Date "1981.??.??"]
[Round "15"]
[White "Smejkal, Jan"]
[Black "Lebredo, Gerardo"]
[Result "1-0"]
[WhiteElo "2540"]
[BlackElo "2375"]

1.Nf3 Nf6 2.c4 c5 3.g3 b6 4.Bg2 Bb7 5.O-O g6 6.Nc3 Bg7 7.d4 cxd4 8.Nxd4 Bxg2
9.Kxg2 O-O 10.e4 Qc7 11.Qe2 Nc6 12.Nc2 Rfe8 13.f3 d6 14.Bd2 Qb7 15.Rac1 Rad8
16.Rfd1 a6 17.Ne3 Nd7 18.b3 Nd4 19.Qf1 f5 20.Nc2 Nxc2 21.Rxc2 fxe4 22.Nxe4 Rf8
23.Qe2 Ne5 24.Bf4 h6 25.Bxe5 Bxe5 26.f4 Bg7 27.Qf3 Qc8 28.h4 Qf5 29.Re2 b5
30.Rd5 Qf7 31.Red2 bxc4 32.bxc4 Rc8 33.c5 dxc5 34.Nxc5 e6 35.Rd7 Qf5 36.Ne4 e5
37.R7d5 Qe6 38.Rd6 Qf5 39.R6d5 Qe6 40.Nd6 Rcd8 41.Qe4 Qg4 42.fxe5 Qxe4+ 43.Nxe4 Rxd5
44.Rxd5 Re8 45.Rd6 Rxe5 46.Kf3 Ra5 47.Rxg6 Rxa2 48.Nd6 Ra3+ 49.Ke2 Ra2+ 50.Kd3 Ra3+
51.Ke4 Ra4+ 52.Ke3 Ra3+ 53.Ke2 Ra2+ 54.Kf3 Ra3+ 55.Kg2 Ra2+ 56.Kh3  1-0

[Event "Keszthely"]
[Site "Keszthely"]
[Date "1981.??.??"]
[Round "8"]
[White "Banas, Jan"]
[Black "Plachetka, Jan"]
[Result "1/2-1/2"]
[WhiteElo "2375"]
[BlackElo "2425"]

1.Nf3 Nf6 2.g3 b6 3.Bg2 Bb7 4.O-O c5 5.c4 g6 6.b3 Bg7 7.Bb2 O-O 8.d3 d5 9.cxd5 Nxd5
10.Bxg7 Kxg7 11.Qc1 Nc6 12.Qb2+ f6 13.Nc3 Nxc3 14.Qxc3 Nd4 15.Nxd4 cxd4 16.Qb2 Bxg2
17.Kxg2 Qd5+ 18.Kg1 Rac8  1/2-1/2

[Event "Lone Pine op"]
[Site "Lone Pine"]
[Date "1981.??.??"]
[Round "?"]
[White "Donaldson, John W"]
[Black "Lombardy, William James"]
[Result "1/2-1/2"]
[WhiteElo "2340"]
[BlackElo "2520"]

1.Nf3 Nf6 2.c4 b6 3.g3 Bb7 4.Bg2 c5 5.O-O g6 6.Nc3 Bg7 7.d4 cxd4 8.Nxd4 Bxg2
9.Kxg2 Qc8 10.b3 Qb7+ 11.f3 O-O 12.e4 Na6 13.Be3 Nc5 14.Qd2 Rfd8 15.Rfd1 Rac8
16.Rac1 Ne6 17.Kg1 Qb8 18.Nd5  1/2-1/2

[Event "POL-chT"]
[Site "Lubniewice"]
[Date "1981.??.??"]
[Round "5"]
[White "Schmidt, Wlodzimierz"]
[Black "Adamski, Jan"]
[Result "1/2-1/2"]
[WhiteElo "2495"]
[BlackElo "2430"]

1.Nf3 Nf6 2.c4 b6 3.g3 c5 4.Bg2 Bb7 5.O-O g6 6.b3 Bg7 7.Bb2 O-O 8.Nc3 e6
9.Rc1 Qe7 10.d4 d6 11.e3 Nbd7 12.Qe2 Ne4 13.Nxe4 Bxe4 14.dxc5 dxc5 15.Bxg7 Kxg7
16.Rfd1 Rad8 17.Qb2+ Qf6 18.Qxf6+ Kxf6 19.Ng5 Kxg5 20.Bxe4 Kf6 21.f4 Ke7
22.Kf2 Nf6 23.Bf3 Rxd1 24.Rxd1 Rd8 25.Rxd8 Kxd8 26.g4 h6 27.h4 Ke7 28.g5 hxg5
29.hxg5  1/2-1/2

[Event "US op"]
[Site "Palo Alto"]
[Date "1981.??.??"]
[Round "11"]
[White "Silman, Jeremy D"]
[Black "Winslow, Elliott C"]
[Result "1-0"]
[WhiteElo "2484"]
[BlackElo "2312"]

1.Nf3 Nf6 2.g3 b6 3.Bg2 Bb7 4.O-O g6 5.c4 c5 6.b3 Bg7 7.Bb2 O-O 8.Nc3 Na6
9.d4 cxd4 10.Qxd4 Ne4 11.Qe3 Nxc3 12.Bxc3 Bxc3 13.Qxc3 Nc5 14.Rfd1 Qc7 15.Qe3 Ne6
16.Rd2 d6 17.Nd4 Nxd4 18.Rxd4 Bxg2 19.Rh4 e5 20.Kxg2 Rad8 21.Rd1 f5 22.Rd5 Qe7
23.Rhd4 Rd7 24.Rd1 f4 25.Qe4 Rf6 26.a4 Rc7 27.a5 Kg7 28.Rb5 Qe8 29.axb6 axb6
30.Ra1 Rc6 31.Ra7+ Rf7 32.Rxf7+ Kxf7 33.gxf4 exf4 34.Qxf4+ Kg8 35.e3 Rc5
36.Rxc5 dxc5 37.Kf3 Qc6+ 38.e4 Qd7 39.Qb8+ Kf7 40.Qxb6 Qh3+ 41.Ke2 Qg4+ 42.Ke3 Qg5+
43.Kd3 Qe5 44.Qb7+ Kf6 45.Qc6+ Kg7 46.Qd7+ Kf6 47.Qd5 Qb2 48.e5+ Kf5 49.Qxc5 Qxb3+
50.Ke2  1-0

[Event "Nordic-ch"]
[Site "Reykjavik"]
[Date "1981.??.??"]
[Round "?"]
[White "Helmers, Knut J"]
[Black "Schussler, Harry"]
[Result "1/2-1/2"]
[WhiteElo "2420"]
[BlackElo "2495"]

1.Nf3 Nf6 2.c4 b6 3.g3 c5 4.Bg2 Bb7 5.O-O g6 6.b3 Bg7 7.Bb2 O-O 8.d4 cxd4
9.Qxd4 Nc6 10.Qf4 d5 11.cxd5 Nxd5 12.Qc1 Nf6 13.Rd1 Qc7 14.Na3 Rac8 15.Ne5 a6
16.Nxc6  1/2-1/2

[Event "Svendborg"]
[Site "Svendborg"]
[Date "1981.??.??"]
[Round "3"]
[White "Pedersen, Jens Otto"]
[Black "Sloth, Jorn"]
[Result "0-1"]
[WhiteElo "2230"]
[BlackElo "2380"]

1.Nf3 Nf6 2.c4 b6 3.g3 Bb7 4.Bg2 c5 5.O-O g6 6.b3 Bg7 7.Bb2 O-O 8.Nc3 Na6
9.d3 d5 10.Nd2 e6 11.cxd5 exd5 12.d4 Re8 13.Rc1 Qe7 14.Re1 Rad8 15.Nf3 Ne4
16.e3 Nc7 17.Qc2 Ne6 18.Red1 cxd4 19.exd4 Bh6 20.Rb1 Rc8 21.Qd3 Qc7 22.Ne2 Qc2
23.Ne1 Qxd3 24.Nxd3 Rc2 25.Bf1 a5 26.Ne1 Rc7 27.f4 Rec8 28.Rbc1 Bg7 29.Rxc7 Rxc7
30.Kg2 Ba6 31.Kf3 Bf8 32.a3 Bxe2+ 33.Bxe2 Nc3 34.Rd2 Bg7 35.Bf1 Nxd4+ 36.Kg2 Nxb3
37.Bxc3 Rxc3 38.Rxd5 Nc5 39.Rd8+ Bf8 40.Rb8 Na4 41.Nd3 Kg7 42.Rb7 Rc2+ 43.Kf3 Nc5
44.Nxc5 Bxc5 45.Bd3 Rc3 46.Ke4 Rxa3 47.g4 a4 48.h4 Rc3 49.Bb5 a3 50.Ra7 Re3+
51.Kd5 Re7 52.Ra8 Re6 53.g5 Rd6+ 54.Ke5 Rd2 55.Ra7 a2 56.Bc4 a1=Q+  0-1

[Event "Svendborg"]
[Site "Svendborg"]
[Date "1981.??.??"]
[Round "7"]
[White "Pedersen, Jens Otto"]
[Black "Bednarski, Jacek B"]
[Result "1/2-1/2"]
[WhiteElo "2230"]
[BlackElo "2380"]

1.Nf3 c5 2.c4 Nf6 3.g3 b6 4.Bg2 Bb7 5.O-O g6 6.b3 Bg7 7.Bb2 O-O 8.Nc3 d5
9.Nxd5 Nxd5 10.Bxg7 Kxg7 11.cxd5 Qxd5 12.d4 Na6 13.Nh4 Qd7 14.dxc5 Qxd1 15.Rfxd1 Bxg2
16.Kxg2 Nxc5 17.b4 Na6 18.a3 Rfd8 19.Nf3 Rac8 20.Nd4 Nb8 21.Nb5 a6 22.Na7  1/2-1/2

[Event "Tirnava"]
[Site "Trnava"]
[Date "1981.??.??"]
[Round "9"]
[White "Plachetka, Jan"]
[Black "Horvath, Tamas"]
[Result "1/2-1/2"]
[WhiteElo "2425"]
[BlackElo "2410"]

1.c4 c5 2.Nf3 Nf6 3.g3 b6 4.Bg2 Bb7 5.O-O g6 6.d3 Bg7 7.e4 Nc6 8.Nc3 O-O
9.Rb1 e6 10.Nh4 Ne8 11.Be3 Nd4 12.Qd2 d6 13.Bh6 Bxh6 14.Qxh6 g5 15.Nf3 Nxf3+
16.Bxf3 Qf6 17.Qxf6 Nxf6 18.Bg2 Rfd8 19.f4 gxf4 20.gxf4 Kf8 21.Rbe1 Rab8
22.Re3 Ke7 23.Rff3 Rg8 24.Rh3 Rg4 25.Ne2 Rbg8 26.Reg3 Bc8 27.Bf3 Rxg3+ 28.hxg3 e5
29.f5 Kf8 30.Kf2 Kg7 31.Nc3 Bd7 32.Rh1 Rb8 33.g4 h6 34.Re1 b5 35.cxb5 Bxb5
36.Ke3 Bc6 37.b3 a5 38.Rc1 Kf8 39.Nb1 Bb5 40.Nd2 Ba6 41.g5  1/2-1/2